000 00434nam a2200181Ia 4500
003 0STCL
008 150530s9999 xx 000 0 und d
040 _aSTCL
_cSTCL
100 _aKrishnadas Nair, C.G.
245 _aUyarangalilekku
250 _a1
260 _bState insitute of languages; Trivandrum
_c2005
_aTrivandrum
300 _a0
546 _aMalayalam
942 _2ddc
_cBK
999 _c17970
_d17970
005 20220125165818.0